Vodík /

Salvato in:
Dettagli Bibliografici
Autore principale: Kafková, Valentína, 1995-
Natura: Libro
Lingua:slovacco
Pubblicazione: Leopoldov ENVIRAL,a.s. 2021
Edizione:1.vyd.
Soggetti:
Tags: Aggiungi Tag
Nessun Tag, puoi essere il primo ad aggiungerne!!

MARC

LEADER 00000nam a22000003a 4500
001 0091710
003 SK-STU
005 20211124115010.8
007 ta
008 211124s ----xo-----e------000-0-----d
020 |a 978-80-973973-0-2 
040 |a STU  |b slo 
041 0 |a slo  |b slo  |h slo 
100 1 |a Kafková, Valentína,  |d 1995-  |X 76175  |7 76175 
245 1 0 |a Vodík /  |c Valentína Kafková 
250 |a 1.vyd. 
260 |a Leopoldov  |b ENVIRAL,a.s.  |c 2021 
300 |a 196 s. 
650 0 7 |a vodík 
996 |b 284J046666  |c J* 119066<new>  |l JJST  |s P  |a 0  |w 0091710_0001 
996 |c J*  |l JJST  |s P  |a 0  |w 0091710_0002 
996 |b 284J046667  |c J* 119067  |l JJST  |s P  |a 0  |w 0091710_0003